00778nam a2200169 a 4500003000200000005001700002008004100019050003200060100002100092245011200113260009000225300003100315504004100346650007000387650009200457650005900549020250429094643.0050808s19uu xx 00 eng d aPHS TX 911.3.C65b.C78 2005 aCruz, Raphael P. aMajor qualities affecting customer patronage on selected restaurants in the Malate area /cRaphael P. Cruz. aLas Piñas City, Philippines :bSouthville International School and Colleges,c2005. aunnumbered pages ;c28 cm. aIncludes bibliographical references. aRestaurantsxCustomer satisfactionzPhilippineszMalate (Manila). 2Library of Congress Subject Headings aConsumer behaviorzPhilippineszMalate (Manila). aFood servicexMarketingzPhilippineszMalate (Manila).